000 00568cam a22002053a 4500
001 41776
003 PGUSA
005 20140828083937.0
008 130104s2013||||xxu|||||s|||||000 | eng d
040 _aPGUSA
_beng
042 _adc
100 1 _aCook, Joel,
_d1842-1910
245 1 0 _aAmerica, Volume III (of 6)
_h[electronic resource] /
_cJoel Cook
260 _bProject Gutenberg,
_c2013
506 _aPublic domain in the USA.
516 _aElectronic text
830 0 _aProject Gutenberg
_v41776
856 4 0 _uhttp://www.gutenberg.org/ebooks/41776
942 _cEB
999 _c271028
_d271028